El conde Lucanor /

Detalles Bibliográficos
Autor principal: Juan Manuel, Infante of Castile, 1282-1347
Formato: Electrónico eBook
Lenguaje:español
Publicado: Barcelona : www.Linkgua.com, 2011.
Colección:Narrativa (Linkgua Ediciones)
Materias:
Acceso en línea:Digitalia Hispánica

MARC

LEADER 00000nam a2200000Ii 4500
001 DIGLINK00651
003 NyNyDIG
006 m o d
007 cr |||||||||||
008 140101s2011 sp o 000 0 spa d
020 |a 9788499539331  |q (eBook) 
020 |z 9788499539324 
040 |a DGITA  |b eng  |e pn  |c DGITA 
050 1 4 |a PQ6401 eBook 
100 0 |a Juan Manuel, Infante of Castile,  |d 1282-1347. 
245 1 3 |a El conde Lucanor /  |c Infante Juan Manuel. 
264 1 |a Barcelona :  |b www.Linkgua.com,  |c 2011.  
300 |a 1 online resource (188 pages) 
336 |a text  |b txt  |2 rdacontent 
337 |a computer  |b c  |2 rdamedia 
338 |a online resource  |b cr  |2 rdacarrier 
490 1 |a Narrativa. 
655 0 |a Electronic books. 
791 2 |a Digitalia (Firm),  |e distributor. 
830 0 |a Narrativa (Linkgua Ediciones) 
793 0 |g Digitalia eBook Collection:  |a Linkgua. 
856 4 0 |3 Digitalia Hispánica  |u https://www.digitaliapublishing.com/a/12985/ 
910 |a Premium Collection: 2007-2012